000 00535nam a22001937a 4500
003 OSt
005 20220531091600.0
008 220531b |||||||| |||| 00| 0 eng d
020 _a978-93-5426-465-8
040 _cSBCL
082 _a158.2
_bSAN-H
100 _aSanthosh V A
245 _aHallucinations of differently abled
_bLiving Beings
260 _aThiruvananthapuram
_bSanthosh V A
_c2020
300 _a323p.
630 _xGeneral Stack
650 _2Philosophy & psychology
_aPsychology
_aApplied psychology
942 _cBOOK
999 _c134374
_d134374